Sports Quiz

Random Sports Quiz

FBS Preseason Top 25 2010 Quiz Stats

 Plays Quiz not verified by Sporcle

Challenge
Share
Tweet
Embed
Score 0/25 Timer 03:00
0 Plays Today
Ranking Team % Correct
1Alabama
98.5%
11Florida
97.9%
5Texas
97%
20Southern California
94.5%
2Ohio State
94.2%
12Oklahoma
92.4%
3Boise State
90.9%
21Florida State
87.2%
4Oregon
86.9%
23Georgia
86.6%
17Miami
86%
18LSU
82.9%
7TCU
81.7%
Ranking Team % Correct
19Penn State
78%
8Nebraska
75.9%
6Virginia Tech
74.4%
10Wisconsin
73.8%
9Iowa
73.5%
13Georgia Tech
71.6%
22Oregon State
66.8%
16Arkansas
64.6%
15Pittsburgh
59.5%
24Stanford
56.7%
14Cincinnati
56.1%
25Navy
11.3%

You're not logged in!

Compare scores with friends on all Sporcle quizzes.
OR
Log In

You Might Also Like...

Show Comments

Extras

Created May 16, 2010SourceReportNominate
Tags:2010, FBS, preseason, team, Top 25

Top Quizzes Today


Score Distribution

Your Account Isn't Verified!

In order to create a playlist on Sporcle, you need to verify the email address you used during registration. Go to your Sporcle Settings to finish the process.

Report this User

Report this user for behavior that violates our Community Guidelines.

Details: